000 00404nam a22001457a 4500
005 20250131204450.0
008 250131b |||||||| |||| 00| 0 eng d
020 _a9780721667447
050 _aRC78
_b.M397
100 _aMettler, Fred A.
245 _aEssentials of Radiology/
_cFred A. Mettler
260 _aPhiladelphia
_bW. B. Saunders Company
_c1996
300 _a445p.
_bill.
_c25cm
942 _2lcc
_cBK
_n0
999 _c3338
_d3338